What's the opposite? #2 - Statistics

General Stats
  • This quiz has been taken 20 times
  • The average score is 12 of 20
Answer Stats
Hint Answer % Correct
Wetness Aridity
100%
Elderly Youthful
88%
Beauty Crudeness
82%
Blessed Cursed
82%
Curve Line
82%
Farewell Hello
76%
Seldom Frequently
71%
Crowd Individual
71%
Obscure Clear
65%
Blossom Disappear
59%
Savage Domesticated
59%
Harshness Kindness
59%
Intimidate Welcome
59%
Redemptive Wasteful
53%
Gaze Ignorance
41%
Buoyant Depressed
35%
Frivolous
Intelligent
35%
Coarse Kind
29%
Calamity Advantage
24%
Prickly Easy
24%
No matching quizzes found
Score Distribution
Percent of People with Each Score
Percentile by Number Answered
Your Score History
You have not taken this quiz